Konsolidovaná účtovná závierka podľa IFRS - praktikum
Vnútropodnikové transakcie - dokončenie. Transfer medzi zásobami a dlhodobým majetkom. Vnútroskupinové pôžičky. Dlhopisy kúpené na trhu. Prípadová štúdia. Príklady.
Gespeichert in:
| 1. Verfasser: | |
|---|---|
| Weitere Verfasser: | |
| Format: | Buchkapitel |
| Sprache: | Slowakisch |
| Schlagworte: | |
| Tags: |
Keine Tags, Fügen Sie das erste Tag hinzu!
|
MARC
| LEADER | 00000naa a2200000 4500 | ||
|---|---|---|---|
| 001 | 0157177 | ||
| 005 | 20231207111612.4 | ||
| 041 | 0 | |a slo | |
| 044 | |a SK | ||
| 245 | 1 | 0 | |a Konsolidovaná účtovná závierka podľa IFRS - praktikum |c Lenka Krupová, Anglia Ruskin |
| 520 | |a Vnútropodnikové transakcie - dokončenie. Transfer medzi zásobami a dlhodobým majetkom. Vnútroskupinové pôžičky. Dlhopisy kúpené na trhu. Prípadová štúdia. Príklady. | ||
| 610 | 2 | 0 | |a závierka účtovná konsolidovaná |
| 610 | 2 | 0 | |a zásoby |
| 610 | 2 | 0 | |a majetok dlhodobý |
| 610 | 2 | 0 | |a pôžičky |
| 610 | 2 | 0 | |a dlhopisy |
| 610 | 2 | 0 | |a štúdie prípadové |
| 610 | 2 | 0 | |a IFRS |
| 100 | 1 | |a Krupová, Lenka | |
| 700 | 1 | |a Ruskin, Anglia | |